000 01189cam a22003377a 4500
003 CHAP
005 20220329140309.0
008 971013s1980 r 00010 d
010 _a49944
011 _a50916
035 _a55066
040 _cCHAP
090 _aTesis
100 0 0 _aVillarreal Guajardo, Alfredo.
_9119616
245 0 _aFertilización nitrógeno-fosfórica en el cultivo de sorgo (Sorghum vulgare) en el municipio de Gral Bravo, N.L.
260 _aMonterrey, N.L. :
_bEl autor,
_c1980
300 _a37 h.
_b; tablas
502 _aTesis (Ing. Agrónomo Fitotecnista) -- Univ. Autónoma de Nuevo León. Fac. de Agronomía
590 _aALEPH
_b10
_c20130110
_lUCH01
_h1323
590 _aBATCH-UPD
_b10
_c20130110
_lUCH01
_h0724
590 _aBATCH-UPD
_b10
_c20130410
_lUCH01
_h0408
590 _aBATCH-UPD
_b10
_c20130914
_lUCH01
_h1411
590 _aCONVERSION
_b10
_c20130109
_lUCH01
_h1327
650 1 4 _aFertilizantes nitrogenados.
_940596
650 1 4 _aFertilizantes
_xEfecto en sorgo.
_940551
650 1 4 _aSorgo
_xNuevo León.
_9108702
901 _aBK
942 _cFOLL
949 _bBC
_cTES
_d-121083
_eTS1
_i55066
_si
949 _bBC
_cTES
_d-121084
_eTS2
_fc.2
_i55066
_si
999 _c49944
_d49944